Eleven Minutes / (Record no. 616571)

000 -LEADER
fixed length control field 00365nam a22001337a 4500
020 ## - INTERNATIONAL STANDARD BOOK NUMBER
Qualifying information PB.
040 ## - CATALOGING SOURCE
Transcribing agency Fizza Ishaq
082 ## - DEWEY DECIMAL CLASSIFICATION NUMBER
Classification number 869.342
Author Mark PAU
100 ## - MAIN ENTRY--PERSONAL NAME
Personal name Coelho,Paulo.
9 (RLIN) 3636
245 ## - TITLE STATEMENT
Title Eleven Minutes /
Statement of responsibility, etc. Paulo Coelho.
260 ## - PUBLICATION, DISTRIBUTION, ETC.
Place of publication, distribution, etc. New Delhi :
Name of publisher, distributor, etc. Harper Collins Publishers india,
Date of publication, distribution, etc. 2003.
300 ## - PHYSICAL DESCRIPTION
Extent 275 p. ;
Dimensions 4.37 x 0.79 x 7.01 inches
942 ## - ADDED ENTRY ELEMENTS (KOHA)
Source of classification or shelving scheme
Koha item type Book
Holdings
Withdrawn status Lost status Source of classification or shelving scheme Damaged status Not for loan Permanent Location Current Location Shelving location Date acquired Total Checkouts Full call number Barcode Date last seen Price effective from Koha item type
          NUST Baluchistan Campus (NBC) NUST Baluchistan Campus (NBC) General Stacks 03/10/2026   869.342 PAU QD- 966 03/10/2026 03/10/2026 Book
© 2023 Central Library, National University of Sciences and Technology. All Rights Reserved.